<?xml version="1.0" encoding="UTF-8"?>
<record
    xmlns:xsi="http://www.w3.org/2001/XMLSchema-instance"
    xsi:schemaLocation="http://www.loc.gov/MARC21/slim http://www.loc.gov/standards/marcxml/schema/MARC21slim.xsd"
    xmlns="http://www.loc.gov/MARC21/slim">

  <leader>00796nam a22002177a 4500</leader>
  <controlfield tag="005">20180612103423.0</controlfield>
  <datafield tag="010" ind1=" " ind2=" ">
    <subfield code="a">1718EN-30 ENG-121974        B-688347-359       </subfield>
  </datafield>
  <datafield tag="020" ind1=" " ind2=" ">
    <subfield code="a">9788129145369</subfield>
    <subfield code="c">195.00</subfield>
  </datafield>
  <datafield tag="035" ind1=" " ind2=" ">
    <subfield code="a">EN-105506</subfield>
  </datafield>
  <datafield tag="035" ind1=" " ind2=" ">
    <subfield code="a">B-688347-359   </subfield>
  </datafield>
  <datafield tag="037" ind1=" " ind2=" ">
    <subfield code="b">Aakar</subfield>
    <subfield code="a">dpl</subfield>
  </datafield>
  <datafield tag="037" ind1=" " ind2=" ">
    <subfield code="b">DBAD/PUB</subfield>
  </datafield>
  <datafield tag="082" ind1=" " ind2=" ">
    <subfield code="a">230.33</subfield>
  </datafield>
  <datafield tag="100" ind1=" " ind2=" ">
    <subfield code="a">Yogananda, Paramhansa </subfield>
  </datafield>
  <datafield tag="245" ind1=" " ind2=" ">
    <subfield code="a">Autobiography of Yogi / </subfield>
    <subfield code="c">by Paramhansa Yogananda </subfield>
  </datafield>
  <datafield tag="260" ind1=" " ind2=" ">
    <subfield code="a">New Delhi </subfield>
    <subfield code="b">Rupa Pub.</subfield>
    <subfield code="c">2017</subfield>
  </datafield>
  <datafield tag="270" ind1=" " ind2=" ">
    <subfield code="a">7/16, Ansari Road, Daryaganj, </subfield>
    <subfield code="b">New Delhi</subfield>
    <subfield code="e">110002</subfield>
  </datafield>
  <datafield tag="300" ind1=" " ind2=" ">
    <subfield code="a">xii,508p.</subfield>
    <subfield code="c">17cm(pbk)</subfield>
  </datafield>
  <datafield tag="942" ind1=" " ind2=" ">
    <subfield code="2">ddc</subfield>
    <subfield code="c">EN</subfield>
    <subfield code="m">YOG</subfield>
    <subfield code="h">230.33</subfield>
  </datafield>
  <datafield tag="999" ind1=" " ind2=" ">
    <subfield code="c">144784</subfield>
    <subfield code="d">144784</subfield>
  </datafield>
  <datafield tag="952" ind1=" " ind2=" ">
    <subfield code="0">0</subfield>
    <subfield code="1">0</subfield>
    <subfield code="4">0</subfield>
    <subfield code="7">1</subfield>
    <subfield code="8">NFIC</subfield>
    <subfield code="a">DBAD</subfield>
    <subfield code="b">BN</subfield>
    <subfield code="d">2018-01-02</subfield>
    <subfield code="e">DBAD/PUB</subfield>
    <subfield code="g">195.00</subfield>
    <subfield code="l">0</subfield>
    <subfield code="o">230.33 YOG</subfield>
    <subfield code="p">EN-105506</subfield>
    <subfield code="r">2018-01-02 00:00:00</subfield>
    <subfield code="t">1</subfield>
    <subfield code="v">195.00</subfield>
    <subfield code="y">EN</subfield>
  </datafield>
  <datafield tag="952" ind1=" " ind2=" ">
    <subfield code="0">0</subfield>
    <subfield code="1">0</subfield>
    <subfield code="4">0</subfield>
    <subfield code="7">0</subfield>
    <subfield code="8">NFIC</subfield>
    <subfield code="a">L</subfield>
    <subfield code="b">L</subfield>
    <subfield code="d">2018-06-12</subfield>
    <subfield code="e">Aakar Books I-2197/4.12.17/631/20.11.17/13.1.18</subfield>
    <subfield code="g">195.00</subfield>
    <subfield code="l">22</subfield>
    <subfield code="m">18</subfield>
    <subfield code="o">230.33 YOG</subfield>
    <subfield code="p">B-688347</subfield>
    <subfield code="r">2024-08-17 00:00:00</subfield>
    <subfield code="s">2024-05-13</subfield>
    <subfield code="t">1</subfield>
    <subfield code="v">195.00</subfield>
    <subfield code="y">EN</subfield>
  </datafield>
  <datafield tag="952" ind1=" " ind2=" ">
    <subfield code="0">0</subfield>
    <subfield code="1">0</subfield>
    <subfield code="4">0</subfield>
    <subfield code="7">0</subfield>
    <subfield code="8">REF</subfield>
    <subfield code="a">L</subfield>
    <subfield code="b">L</subfield>
    <subfield code="d">2018-06-12</subfield>
    <subfield code="e">Aakar Books I-2197/4.12.17/631/20.11.17/13.1.18</subfield>
    <subfield code="g">195.00</subfield>
    <subfield code="l">1</subfield>
    <subfield code="o">230.33 YOG</subfield>
    <subfield code="p">B-688348</subfield>
    <subfield code="r">2018-11-13 00:00:00</subfield>
    <subfield code="s">2018-11-13</subfield>
    <subfield code="t">1</subfield>
    <subfield code="v">195.00</subfield>
    <subfield code="y">EN</subfield>
  </datafield>
  <datafield tag="952" ind1=" " ind2=" ">
    <subfield code="0">0</subfield>
    <subfield code="1">0</subfield>
    <subfield code="4">0</subfield>
    <subfield code="7">0</subfield>
    <subfield code="8">NFIC</subfield>
    <subfield code="a">M</subfield>
    <subfield code="b">M</subfield>
    <subfield code="d">2018-06-12</subfield>
    <subfield code="e">Aakar Books I-2197/4.12.17/631/20.11.17/13.1.18</subfield>
    <subfield code="g">195.00</subfield>
    <subfield code="l">0</subfield>
    <subfield code="o">230.33 YOG</subfield>
    <subfield code="p">B-688349</subfield>
    <subfield code="r">2018-06-12 00:00:00</subfield>
    <subfield code="t">2</subfield>
    <subfield code="v">195.00</subfield>
    <subfield code="y">EN</subfield>
  </datafield>
  <datafield tag="952" ind1=" " ind2=" ">
    <subfield code="0">0</subfield>
    <subfield code="1">0</subfield>
    <subfield code="4">0</subfield>
    <subfield code="7">0</subfield>
    <subfield code="8">NFIC</subfield>
    <subfield code="a">M</subfield>
    <subfield code="b">M</subfield>
    <subfield code="d">2018-06-12</subfield>
    <subfield code="e">Aakar Books I-2197/4.12.17/631/20.11.17/13.1.18</subfield>
    <subfield code="g">195.00</subfield>
    <subfield code="l">0</subfield>
    <subfield code="o">230.33 YOG</subfield>
    <subfield code="p">B-688350</subfield>
    <subfield code="r">2018-06-12 00:00:00</subfield>
    <subfield code="t">2</subfield>
    <subfield code="v">195.00</subfield>
    <subfield code="y">EN</subfield>
  </datafield>
  <datafield tag="952" ind1=" " ind2=" ">
    <subfield code="0">0</subfield>
    <subfield code="1">0</subfield>
    <subfield code="4">0</subfield>
    <subfield code="7">0</subfield>
    <subfield code="8">NFIC</subfield>
    <subfield code="a">NPL</subfield>
    <subfield code="b">NPL</subfield>
    <subfield code="d">2018-06-12</subfield>
    <subfield code="e">Aakar Books I-2197/4.12.17/631/20.11.17/13.1.18</subfield>
    <subfield code="g">195.00</subfield>
    <subfield code="l">0</subfield>
    <subfield code="o">230.33 YOG</subfield>
    <subfield code="p">B-688351</subfield>
    <subfield code="r">2018-06-12 00:00:00</subfield>
    <subfield code="t">1</subfield>
    <subfield code="v">195.00</subfield>
    <subfield code="y">EN</subfield>
  </datafield>
  <datafield tag="952" ind1=" " ind2=" ">
    <subfield code="0">0</subfield>
    <subfield code="1">0</subfield>
    <subfield code="4">0</subfield>
    <subfield code="7">0</subfield>
    <subfield code="8">NFIC</subfield>
    <subfield code="a">AV</subfield>
    <subfield code="b">AV</subfield>
    <subfield code="d">2018-06-12</subfield>
    <subfield code="e">Aakar Books I-2197/4.12.17/631/20.11.17/13.1.18</subfield>
    <subfield code="g">195.00</subfield>
    <subfield code="l">16</subfield>
    <subfield code="m">15</subfield>
    <subfield code="o">230.33 YOG</subfield>
    <subfield code="p">B-688352</subfield>
    <subfield code="r">2024-04-08 00:00:00</subfield>
    <subfield code="s">2024-03-14</subfield>
    <subfield code="t">1</subfield>
    <subfield code="v">195.00</subfield>
    <subfield code="y">EN</subfield>
  </datafield>
  <datafield tag="952" ind1=" " ind2=" ">
    <subfield code="0">0</subfield>
    <subfield code="1">0</subfield>
    <subfield code="4">0</subfield>
    <subfield code="7">0</subfield>
    <subfield code="8">NFIC</subfield>
    <subfield code="a">BL1</subfield>
    <subfield code="b">BL1</subfield>
    <subfield code="d">2018-06-12</subfield>
    <subfield code="e">Aakar Books I-2197/4.12.17/631/20.11.17/13.1.18</subfield>
    <subfield code="g">195.00</subfield>
    <subfield code="l">24</subfield>
    <subfield code="m">14</subfield>
    <subfield code="o">230.33 YOG</subfield>
    <subfield code="p">B-688353</subfield>
    <subfield code="r">2025-11-10 00:00:00</subfield>
    <subfield code="s">2025-09-27</subfield>
    <subfield code="t">1</subfield>
    <subfield code="v">195.00</subfield>
    <subfield code="y">EN</subfield>
  </datafield>
  <datafield tag="952" ind1=" " ind2=" ">
    <subfield code="0">0</subfield>
    <subfield code="1">0</subfield>
    <subfield code="4">0</subfield>
    <subfield code="7">0</subfield>
    <subfield code="8">NFIC</subfield>
    <subfield code="a">JP</subfield>
    <subfield code="b">JP</subfield>
    <subfield code="d">2018-06-12</subfield>
    <subfield code="e">Aakar Books I-2197/4.12.17/631/20.11.17/13.1.18</subfield>
    <subfield code="g">195.00</subfield>
    <subfield code="l">23</subfield>
    <subfield code="m">9</subfield>
    <subfield code="o">230.33 YOG</subfield>
    <subfield code="p">B-688354</subfield>
    <subfield code="r">2024-09-24 00:00:00</subfield>
    <subfield code="s">2024-09-17</subfield>
    <subfield code="t">1</subfield>
    <subfield code="v">195.00</subfield>
    <subfield code="y">EN</subfield>
  </datafield>
  <datafield tag="952" ind1=" " ind2=" ">
    <subfield code="0">0</subfield>
    <subfield code="1">0</subfield>
    <subfield code="4">0</subfield>
    <subfield code="7">0</subfield>
    <subfield code="8">NFIC</subfield>
    <subfield code="a">ZLS</subfield>
    <subfield code="b">ZLS</subfield>
    <subfield code="d">2018-06-12</subfield>
    <subfield code="e">Aakar Books I-2197/4.12.17/631/20.11.17/13.1.18</subfield>
    <subfield code="g">195.00</subfield>
    <subfield code="l">20</subfield>
    <subfield code="m">20</subfield>
    <subfield code="o">230.33 YOG</subfield>
    <subfield code="p">B-688355</subfield>
    <subfield code="r">2024-11-21 00:00:00</subfield>
    <subfield code="s">2024-11-09</subfield>
    <subfield code="t">1</subfield>
    <subfield code="v">195.00</subfield>
    <subfield code="y">EN</subfield>
  </datafield>
  <datafield tag="952" ind1=" " ind2=" ">
    <subfield code="0">0</subfield>
    <subfield code="1">0</subfield>
    <subfield code="4">0</subfield>
    <subfield code="7">0</subfield>
    <subfield code="8">NFIC</subfield>
    <subfield code="a">NR</subfield>
    <subfield code="b">NR</subfield>
    <subfield code="d">2018-06-12</subfield>
    <subfield code="e">Aakar Books I-2197/4.12.17/631/20.11.17/13.1.18</subfield>
    <subfield code="g">195.00</subfield>
    <subfield code="l">0</subfield>
    <subfield code="o">230.33 YOG</subfield>
    <subfield code="p">B-688356</subfield>
    <subfield code="r">2018-06-12 00:00:00</subfield>
    <subfield code="t">1</subfield>
    <subfield code="v">195.00</subfield>
    <subfield code="y">EN</subfield>
  </datafield>
  <datafield tag="952" ind1=" " ind2=" ">
    <subfield code="0">0</subfield>
    <subfield code="1">0</subfield>
    <subfield code="4">0</subfield>
    <subfield code="7">0</subfield>
    <subfield code="8">NFIC</subfield>
    <subfield code="a">BN</subfield>
    <subfield code="b">BN</subfield>
    <subfield code="d">2018-06-12</subfield>
    <subfield code="e">Aakar Books I-2197/4.12.17/631/20.11.17/13.1.18</subfield>
    <subfield code="g">195.00</subfield>
    <subfield code="l">13</subfield>
    <subfield code="m">1</subfield>
    <subfield code="o">230.33 YOG</subfield>
    <subfield code="p">B-688357</subfield>
    <subfield code="r">2025-02-12 00:00:00</subfield>
    <subfield code="s">2025-01-08</subfield>
    <subfield code="t">1</subfield>
    <subfield code="v">195.00</subfield>
    <subfield code="y">EN</subfield>
  </datafield>
  <datafield tag="952" ind1=" " ind2=" ">
    <subfield code="0">0</subfield>
    <subfield code="1">0</subfield>
    <subfield code="4">0</subfield>
    <subfield code="7">0</subfield>
    <subfield code="8">NFIC</subfield>
    <subfield code="a">BL4</subfield>
    <subfield code="b">BL4</subfield>
    <subfield code="d">2018-06-12</subfield>
    <subfield code="e">Aakar Books I-2197/4.12.17/631/20.11.17/13.1.18</subfield>
    <subfield code="g">195.00</subfield>
    <subfield code="l">25</subfield>
    <subfield code="m">17</subfield>
    <subfield code="o">230.33 YOG</subfield>
    <subfield code="p">B-688358</subfield>
    <subfield code="r">2024-10-05 00:00:00</subfield>
    <subfield code="s">2024-06-12</subfield>
    <subfield code="t">1</subfield>
    <subfield code="v">195.00</subfield>
    <subfield code="y">EN</subfield>
  </datafield>
  <datafield tag="952" ind1=" " ind2=" ">
    <subfield code="0">0</subfield>
    <subfield code="1">0</subfield>
    <subfield code="4">0</subfield>
    <subfield code="7">0</subfield>
    <subfield code="8">NFIC</subfield>
    <subfield code="a">VV</subfield>
    <subfield code="b">VV</subfield>
    <subfield code="d">2018-06-12</subfield>
    <subfield code="e">Aakar Books I-2197/4.12.17/631/20.11.17/13.1.18</subfield>
    <subfield code="g">195.00</subfield>
    <subfield code="l">0</subfield>
    <subfield code="o">230.33 YOG</subfield>
    <subfield code="p">B-688359</subfield>
    <subfield code="r">2018-06-12 00:00:00</subfield>
    <subfield code="t">1</subfield>
    <subfield code="v">195.00</subfield>
    <subfield code="y">EN</subfield>
  </datafield>
</record>
